Capitals of the Caribbean - Statistics

General Stats
  • This quiz has been taken 137 times
  • The average score is 18 of 28
Answer Stats
Hint Answer % Correct
Cuba Havana
99%
Jamaica Kingston
98%
Haiti Port-au-Prince
96%
Trinidad and Tobago Port-of-Spain
92%
Dominican Republic Santo Domingo
88%
Antigua and Barbuda St John's
87%
Barbados Bridgetown
85%
Saint Lucia Castries
85%
Saint Kitts and Nevis Basseterre
80%
Guadeloupe B{asse}-T{erre}
80%
Cayman Islands G{eorge} Town
79%
Saint Vincent and the Grenadines Kingstown
79%
Grenada Saint George's
78%
Dominica Roseau
77%
Puerto Rico San Juan
77%
Martinique F{ort}-de-F{rance}
60%
Aruba O{ranjestad}
60%
Sint Eustatius O{ranjestad}
60%
Virgin Islands R{oad} Town
50%
Anguilla The V{alley}
47%
Curaçao W{illemstad}
47%
US Virgin Islands C{harlotte} A{malie}
41%
Sint Maarten P{hilipsburg}
37%
Saint Martin M{arigot}
32%
Saba The B{ottom}
32%
Saint Barthélemy G{ustavia}
30%
Montserrat B{rades}
29%
Bonaire K{ralendijk}
24%
No matching quizzes found
Score Distribution
Percent of People with Each Score
Percentile by Number Answered
Your Score History
You have not taken this quiz